[Event "36th Zalakaros Festival 2017"]
[Site "Zalakaros"]
[Date "2017.05.25"]
[Round "8"]
[White "Svane, Rasmus"]
[Black "Mikhalevski, Victor"]
[Result "1/2-1/2"]
[WhiteElo "2573"]
[BlackElo "2520"]
[Annotator "TA"]
[PlyCount "93"]
[EventDate "2017.??.??"]
[EventType "swiss"]
[EventCountry "HUN"]
[SourceTitle "playchess.com"]
[Source "ChessBase"]
[SourceQuality "1"]

{[%evp 23,93,38,35,35,36,35,37,36,38,36,33,37,43,7,16,8,39,37,54,51,58,45,47,55,44,24,23,32,32,11,11,14,14,14,43,31,30,0,43,0,27,0,37,12,69,60,50,53,51,59,524,28,28,28,36,30,35,27,27,27,27,27,35,16,19,16,16,16,34,16,16,16]} 1. Nf3 g6 2. e4 c5 3. c4 Bg7 4. d4 cxd4 5. Nxd4 Nc6 6. Be3 Nf6 7. Nc3 Ng4 8. Qxg4 Nxd4 9. Qd1 e5 10. Bd3 O-O 11. O-O d6 12. Nd5 Be6 {LiveBook: 6 Games. B39: Sicilian: Maroczy Bind with 5...Bg7 and 7...Ng4} 13. Bxd4 (13. Qd2 Bxd5 14. cxd5 Qb6 15. Rfc1 f5 16. exf5 gxf5 17. Rc4 Rae8 18. Rac1 Re7 19. Bxd4 exd4 20. Rc8 Ref7 21. g3 {½-½ (60) Brenjo,S (2522)-Popovic,M (2389) Kragujevac 2012}) 13... exd4 14. Qb3 Qd7 {White is slightly better.} 15. Rae1 $146 ({Predecessor:} 15. f4 f5 16. exf5 Bxf5 17. Bxf5 Rxf5 18. Rfe1 Re8 19. Kf2 Be5 20. Re4 Kh8 21. Kg1 {1-0 (46) Moussard,J (2190)-Rioboo de la Riva,A (1765) Campillos 2007}) 15... Rac8 16. Qa3 b6 17. Qb4 Rfe8 18. Nf4 Bh6 (18... Be5 $5 {[%cal Re5f4]} 19. Nd5 Bg7 $11) 19. Nxe6 Rxe6 (19... fxe6 {feels hotter.} 20. e5 dxe5 21. Rxe5 Bf4 22. Re2 Qd6) 20. f4 Rce8 21. Qd2 Qa4 22. Qf2 Qxa2 23. Ra1 Qb3 24. Ra3 Qb4 25. Rxa7 R6e7 26. Rxe7 (26. Ra3 {keeps more tension.} Re5 27. Qc2 Ra5 28. Rb3 Qc5 29. Qd2) 26... Rxe7 27. Ra1 Re8 28. g3 Bg7 29. Qc2 Rc8 30. Qe2 Re8 31. Qc2 Rc8 32. Qe2 Re8 33. Kg2 f5 (33... Rc8 $11) 34. Kh3 Kh8 35. Qc2 fxe4 $1 36. Bxe4 Bf6 $2 {[%mdl 8192] [#]} ({Black should try} 36... Qc5 $14) 37. Ra8 $2 ({White has to play} 37. Bxg6 $1 $18 {[%mdl 512] White threatens Qf5 and mate.} d3 (37... hxg6 38. Qxg6) 38. Qxd3) 37... Rxa8 $11 38. Bxa8 Qe1 39. Kg2 Qa1 40. Bd5 d3 41. Qxd3 Qxb2+ 42. Kh3 Qf2 43. Qb1 Bd4 44. Qd1 Kg7 45. Bg2 h5 46. Qf3 (46. Be4 $5 {[%cal Rd1d3]}) 46... Qxf3 47. Bxf3 {Precision: White = 48%, Black = 36%.} 1/2-1/2

[Event "36th Zalakaros Festival 2017"]
[Site "Zalakaros"]
[Date "2017.05.25"]
[Round "8"]
[White "Stupak, Kirill"]
[Black "Puranik, Abhimanyu"]
[Result "1-0"]
[WhiteElo "2560"]
[BlackElo "2459"]
[Annotator "TA"]
[PlyCount "91"]
[EventDate "2017.??.??"]
[EventType "swiss"]
[EventCountry "HUN"]
[SourceTitle "playchess.com"]
[Source "ChessBase"]
[SourceQuality "1"]

{[%evp 18,91,28,28,33,31,16,0,29,20,49,38,39,37,50,18,28,9,2,14,18,8,6,0,0,0,60,101,100,107,92,107,106,75,79,47,41,0,0,0,0,0,822,609,1006,1037,1029,1023,960,896,737,620,620,605,620,620,620,620,620,613,613,0,605,0,597,-222,519,518,643,643,635,621,614,612,608,605]} 1. d4 Nf6 2. c4 g6 3. Nc3 d5 4. cxd5 Nxd5 5. e4 Nxc3 6. bxc3 Bg7 7. Be3 c5 8. Rc1 O-O 9. Qd2 e5 {D85: Exchange Grünfeld: Unusual White 7th moves and lines with 7 Nf3} 10. d5 {LiveBook: 4 Games} Qd6 (10... Nd7 11. c4 f5 12. Bg5 Nf6 13. Ne2 Nxe4 14. Bxd8 Nxd2 15. Be7 Rf7 16. Bxc5 Nxf1 17. Rxf1 {0-1 (29) Nakamura,H (2779)-So,W (2794) London 2016}) 11. Bd3 f5 {White is slightly better.} 12. Bg5 $146 ({Predecessor:} 12. f3 Nd7 13. Nh3 Nf6 14. O-O fxe4 15. fxe4 Bxh3 16. gxh3 Nh5 17. Qb2 {½-½ (40) Ulko,J (2422)-Yeletsky,I (2200) Kazan 2014}) 12... Nd7 {[%cal Bb8d7,Bd7f6,Bf6h5][%mdl 32]} 13. c4 f4 {Hoping for ...h6.} 14. f3 Bf6 15. Bxf6 Nxf6 16. Ne2 g5 17. g3 g4 18. gxf4 gxf3 19. Ng1 $1 $36 {[%cal Rg1f3][%mdl 2048] Black is under pressure.} Nh5 20. Nxf3 Rxf4 {White must now prevent ...Qf6.} 21. Rg1+ Kh8 ({Black should play} 21... Bg4 $11) 22. Be2 $1 $14 {Ng5 is the strong threat.} ({Not} 22. Qg2 $2 Bg4 $19) 22... Rg4 23. Rxg4 Bxg4 24. Ng5 $1 {[%cal Rg5f7]} Qd7 {Strongly threatening ...Bxe2.} 25. Qb2 Re8 26. Ne6 Bxe6 27. dxe6 Qg7 {And now ...Nf4 would win.} 28. Bxh5 Qg1+ 29. Kd2 Rd8+ $2 {[%mdl 8192]} (29... Qg5+ $11 30. Kc3 Qxh5 31. Qxb7 Rxe6 32. Qxa7 Qf3+ 33. Kb2 Qf2+ 34. Rc2 Qd4+ 35. Kb3 Re8) 30. Kc2 $18 Qxh2+ 31. Kb1 Qxh5 {[%mdl 4096] Endgame KQR-KQR} 32. e7 $1 {[%cal Re7d8]} ({Stronger than} 32. Qxb7 Qh3 $11) 32... Rg8 33. Qf2 {Intending Qf6+ and mate.} Qg6 34. Qf8 Qxe4+ 35. Kb2 {Threatening mate with Qf6+.} Qd4+ {[#]} 36. Rc3 $1 {Qf6+ would kill now.} Qd2+ 37. Kb3 {White wants to mate with Qf6+.} Qd7 38. Qf6+ Rg7 39. Qf8+ Rg8 40. Qf6+ Rg7 {[#]} 41. e8=Q+ $1 {[%mdl 512]} Qxe8 {[#]} 42. Rd3 $1 {White is clearly winning.} h6 {aiming for ...Kh7.} 43. Rd8 Qxd8 44. Qxd8+ Kh7 45. Qe8 b6 46. Qxe5 {Precision: White = 75%, Black = 63%.} 1-0

[Event "36th Zalakaros Festival 2017"]
[Site "Zalakaros"]
[Date "2017.05.25"]
[Round "8"]
[White "Aleksandrov, Aleksej"]
[Black "Nagy, Gabor"]
[Result "1-0"]
[WhiteElo "2559"]
[BlackElo "2446"]
[Annotator "TA"]
[PlyCount "187"]
[EventDate "2017.??.??"]
[EventType "swiss"]
[EventCountry "HUN"]
[SourceTitle "playchess.com"]
[Source "ChessBase"]
[SourceQuality "1"]

{[%evp 20,186,44,57,55,44,54,67,96,48,117,109,113,83,70,73,114,93,118,111,95,98,112,107,104,100,164,119,136,92,103,88,212,164,275,235,264,272,254,259,272,272,250,258,259,268,242,243,260,247,255,246,212,228,404,400,381,369,328,134,170,59,58,16,16,8,8,8,8,8,8,8,8,8,8,8,8,8,8,8,8,8,8,8,8,8,8,8,8,8,8,8,8,8,8,8,8,8,8,8,8,8,8,8,8,8,53,53,53,53,53,53,53,53,53,53,53,53,53,53,53,53,53,53,53,53,70,70,70,51,51,50,50,36,36,36,36,8,8,8,8,8,8,8,8,8,8,8,8,8,8,8,27,8,8,8,14,31,29987,29988,29988,29989,29989,29990,29990,29991,29998,29999,29999]} 1. d4 Nf6 2. c4 c5 3. d5 e6 4. Nc3 exd5 5. cxd5 d6 6. Nf3 {[%cal Bg1f3,Bf3d2,Bd2c4][%mdl 32]} g6 7. Bg5 Bg7 8. Nd2 h6 9. Bh4 a6 {A61: Modern Benoni: Nf3 without early e4} 10. a4 g5 11. Bg3 {LiveBook: 16 Games} Nh5 $1 {White is slightly better.} 12. Nc4 Nxg3 13. hxg3 O-O 14. e3 {[#]} b6 $146 ({Black should play} 14... Qe7 $14) ({Predecessor:} 14... Qe7 15. Qc2 Nd7 16. Be2 Ne5 17. Nb6 {½-½ (25) Maiwald,J (2459)-Lupulescu,C (2655) Germany 2012}) 15. Bd3 f5 16. Qh5 Nd7 17. f4 $1 Rb8 {Threatening ...b5.} 18. fxg5 ({Not} 18. Nxd6 Nf6 $17) 18... Qxg5 19. Qxg5 hxg5 20. Nxd6 Ne5 21. Be2 Bd7 22. Bxa6 Ng4 (22... f4 $16) 23. Kd2 f4 24. gxf4 gxf4 25. e4 {Hoping for Bb5.} Ne3 (25... Rf6 $16 {might work better.}) 26. Be2 Bd4 (26... Rf6 $142) 27. Rh6 Rf6 28. Rxf6 Bxf6 29. g3 Bg5 30. gxf4 Bxf4 {Strongly threatening ...Nxd5+.} 31. Kd3 $1 Kg7 32. Nc4 Nxc4 33. Kxc4 Kf6 34. Rh1 Bxa4 35. Nxa4 ({But not} 35. Rf1 $6 Ke5 $16) 35... b5+ 36. Kxc5 Be3+ $2 (36... bxa4 {was necessary.} 37. Rh5 Kg6) 37. Kd6 $18 Bf4+ 38. Kc6 bxa4 {[%mdl 4096] Endgame KRB-KRB} 39. Rf1 (39. d6 $18 {and White stays clearly on top.}) 39... Ke5 $16 40. Bb5 (40. d6 $18 Rc8+ 41. Kd7) 40... Rc8+ $1 $14 41. Kb7 Rc2 42. d6 Kxd6 43. Rxf4 Rxb2 $11 {KRB-KR} 44. Kb6 Ke5 45. Rf3 Kxe4 46. Ra3 Rd2 47. Kc5 Ke5 48. Bd3 Rd1 49. Bc4 (49. Bc2 $5 {[%cal Rc2d1]} Rd5+ 50. Kb6 $14) 49... Rd8 50. Re3+ Kf4 51. Rh3 (51. Re2 {feels hotter.} a3 52. Kb4 Rb8+ 53. Kc3 a2 54. Rf2+) 51... Rd2 52. Ra3 Ke4 53. Rxa4 Ke3 54. Bd5 Kf2 55. Kd6 Re2 56. Be4 Rd2+ 57. Ke5 Re2 58. Kf4 Rd2 59. Ra1 Re2 60. Rh1 Rd2 61. Rc1 Re2 62. Bd3 Rd2 63. Ke4 Ra2 64. Rf1+ Kg3 65. Ke3 Ra3 66. Rg1+ Kh4 67. Ke4 Ra4+ 68. Kf5 Ra2 69. Kf4 Rf2+ 70. Ke3 Rf8 71. Bg6 Rf6 72. Ke4 Rf2 73. Bf5 Kh5 74. Ke5 Kh4 75. Rg4+ Kh3 76. Ke4 Rg2 77. Rg8+ Kh2 78. Bg4 Kg1 79. Ke3 Rg3+ 80. Kf4 Kf2 81. Rd8 {Intending Rd2+ and mate.} Ra3 82. Rd2+ Ke1 83. Re2+ Kf1 84. Bf3 Ra7 85. Rc2 Re7 86. Ra2 Ke1 87. Be4 {Ke3 would kill now.} Kd1 88. Ke3 {[%cal Ra2a1]} Kc1 $2 {[%mdl 8192] [#]} (88... Rc7 $14) 89. Rc2+ $1 {White mates.} Kd1 90. Rc8 Re5 91. Rd8+ Kc1 {[#]} 92. Rb8 $1 {[%csl Ge4][%cal Rb8b1]} Rb5 93. Rxb5 {[%csl Ge4][%cal Rb5b1]} Kd1 94. Rb1# {Precision: White = 71%, Black = 72%.} 1-0

[Event "36th Zalakaros Festival 2017"]
[Site "Zalakaros"]
[Date "2017.05.25"]
[Round "8"]
[White "Aczel, Gergely"]
[Black "Plenca, Jadranko"]
[Result "1-0"]
[WhiteElo "2546"]
[BlackElo "2446"]
[Annotator "TA"]
[PlyCount "67"]
[EventDate "2017.??.??"]
[EventType "swiss"]
[EventCountry "HUN"]
[SourceTitle "playchess.com"]
[Source "ChessBase"]
[SourceQuality "1"]

{[%evp 24,67,0,0,31,33,40,47,37,39,40,43,42,52,46,22,28,35,77,62,122,122,164,150,156,163,247,214,214,166,309,326,457,449,431,-321,-308,-309,-311,-295,-212,-204,-118,-120,395,-635]} 1. d4 d5 2. c4 e6 3. Nc3 Be7 4. cxd5 exd5 5. Bf4 c6 6. e3 Bf5 7. g4 Be6 8. h4 Nd7 9. g5 {D31: Queen's Gambit Declined: Semi-Slav without ...Nf6 (+ Marshall Gambit and Noteboom) and Exchange Variation lines without ...Nf6} h6 10. g6 Ngf6 11. gxf7+ Bxf7 12. Bd3 O-O 13. Qf3 {[#] LiveBook: 4 Games} Nh5 $146 ({Predecessor:} 13... Qb6 14. O-O-O c5 15. Nge2 Rac8 16. Rhg1 Kh8 {1-0 (75) Nepomniachtchi,I (2721)-Aronian,L (2803) Beijing 2013}) 14. Nge2 Nxf4 15. Nxf4 Bd6 16. Rg1 Qf6 17. Nce2 c5 18. Qg4 Rad8 19. O-O-O $40 {[%mdl 128] And now Nh5 would win. White attacks.} (19. Bf5 $5 {[%cal Rf5d7]} Nb8 20. dxc5 Bxf4 21. Nxf4 $14) 19... cxd4 20. exd4 Kh8 21. Kb1 a5 (21... Rfe8 $14) 22. Rg3 $16 Rde8 {[#]} 23. Rf3 $1 Bxf4 24. Nxf4 Be6 (24... Re7 $142 25. a3 Qb6) 25. Qg6 {[%csl Gd3][%cal Rg6h7]} Bg8 26. Rg1 Re4 (26... Qxd4 $142 27. Qg3 Rxf4 28. Rxf4 Qe5) 27. Qg4 Bf7 (27... Rxf4 {might work better.} 28. Rxf4 Qe7 29. Rxf8 Nxf8) 28. Bxe4 $18 ({Not} 28. Qxd7 Rxf4 29. Rxf4 Qxf4 $11) 28... dxe4 29. Ne6 $4 {[%mdl 8192]} (29. Qxd7 $2 exf3 30. Qg4 Qxd4 $17) (29. Nd5 $18 {and all is fine.} Qg6 30. Qxg6 Bxg6 31. Rxf8+ (31. Rxg6 Rxf3 32. Re6 Rxf2 $11) 31... Nxf8 32. Ne3) 29... exf3 $19 30. Nxf8 Nxf8 31. Ka1 Ne6 32. d5 Nf4 (32... h5 $19 33. Qe4 Nc5) 33. d6 $17 Nd3 $2 {[%mdl 8192] [#]} (33... Ne6 $17 {Hoping for ...Bg8.} 34. d7 Nd8) 34. Qxg7+ $1 {[%mdl 33280] Precision: White = 83%, Black = 36%. . Loss on Time!?} 1-0

[Event "36th Zalakaros Festival 2017"]
[Site "Zalakaros"]
[Date "2017.05.25"]
[Round "8"]
[White "Danin, Alexandre"]
[Black "Horvath, Adam"]
[Result "1-0"]
[WhiteElo "2543"]
[BlackElo "2469"]
[Annotator "TA"]
[PlyCount "121"]
[EventDate "2017.??.??"]
[EventType "swiss"]
[EventCountry "HUN"]
[SourceTitle "playchess.com"]
[Source "ChessBase"]
[SourceQuality "1"]

{[%evp 14,121,48,44,56,28,24,40,33,24,61,64,59,35,46,46,46,36,34,44,44,36,40,39,83,81,106,41,71,56,61,62,59,26,26,23,27,26,72,26,78,-17,57,0,0,0,0,0,0,0,0,0,0,0,0,0,28,29,29,14,33,0,0,0,120,118,115,122,202,202,202,202,202,193,202,202,202,202,202,202,237,231,231,194,218,194,194,194,194,194,194,194,191,153,202,202,202,202,202,202,202,202,202,202,202,202,202,202,29986,11524]} 1. c4 Nf6 2. Nc3 e6 3. e4 c5 4. Nf3 Nc6 5. Be2 a6 6. O-O Qc7 7. d4 cxd4 8. Nxd4 Bd6 {B41: Sicilian: Kan Variation: 5 c4} 9. h3 Nxd4 10. Qxd4 b6 {White is slightly better.} 11. Be3 Bc5 12. Qd3 Bb7 13. Bf3 $146 {Threatens to win with Bxc5.} ({Predecessor:} 13. Rad1 O-O 14. Kh1 Rfd8 15. Bd4 Bxd4 16. Qxd4 d6 {½-½ (16) Cornette,M (2578)-Vachier Lagrave,M (2703) Nimes 2009}) 13... Rb8 14. Rfe1 Bxe3 15. Rxe3 d6 16. Rd1 Ke7 17. Qd2 Rhd8 18. Rd3 {Hoping for e5!} e5 19. b3 h6 20. g3 (20. h4 $16) 20... Qc5 21. a4 Bc6 22. Rc1 Qb4 23. Bg2 (23. Qb2 $5 {[%cal Rc3a2]} Bb7 24. Rcd1 $14) 23... b5 24. cxb5 axb5 25. a5 Ba8 26. f4 Rdc8 (26... Rbc8 $11) 27. Rd1 ({White should play} 27. Kh2 $16) 27... Ke8 (27... Qc5+ $11 28. Kh2 b4 29. Nd5+ (29. Na4 Qxa5 30. Re1 Qc7 $15) 29... Bxd5 30. fxe5 dxe5 31. exd5 Qxa5) 28. Kh2 (28. a6 $14) 28... Qxa5 $11 29. Rxd6 Rxc3 {[#]} 30. Rxf6 $1 {[%mdl 512]} gxf6 31. Qd7+ Kf8 32. Qd6+ Kg7 33. Qxb8 Rc2 $1 {[#] ( -> ...Qa2)} 34. Rd8 $1 {[%cal Rd8g8]} (34. fxe5 {is a self mate.} Qa2 35. Qf8+ Kxf8 36. Kh1 Rxg2 37. Rd8+ Ke7 38. Rd7+ Kxd7 39. e6+ fxe6 40. h4 Bxe4 41. h5 Rxg3#) 34... Rxg2+ (34... Qxd8 $5 35. Qxd8 Bxe4 $11) 35. Kxg2 {Intending Rg8+ and mate.} Bxe4+ {[%mdl 4096] Endgame KQR-KQB} 36. Kf2 {Rg8+ would kill now.} Bh7 37. fxe5 Qa2+ 38. Ke1 Qa1+ (38... Qb1+ $11 {remains equal.} 39. Kf2 Qb2+ 40. Kg1 Qb1+ 41. Kh2 Qc2+ 42. Kg1 Qb1+ 43. Kh2 Qb2+ 44. Kg1 Qb1+) 39. Ke2 $16 fxe5 40. Qxb5 Bg6 (40... Bf5 $16) 41. Qc5 $18 {Threatening mate with Qf8+.} Kh7 42. Rd1 Qa6+ 43. Qc4 Qa2+ 44. Rd2 Qa1 45. Qc5 Be4 46. Qe3 Qb1 47. Kf2 Qh1 48. Re2 Bd5 49. Qxe5 {Black must now prevent Qf5+.} Qf3+ 50. Ke1 {And now b4 would win.} Qxb3 51. Qf5+ Kg7 52. Qg4+ Kh7 53. Qf4 Be6 54. h4 h5 55. Kf2 Bg4 56. Qe4+ Kg8 57. Rd2 Qb6+ 58. Kg2 Qa5 59. Qf4 Qa8+ 60. Kh2 {Strongly threatening Qf6.} Qb7 $2 (60... Qa5 $18 61. Rf2 Qa7) 61. Qf6 {Precision: White = 63%, Black = 46%.} (61. Rd8+ $142 Kg7 62. Qg5+ Kh7 63. Qf6 Qc8 64. Qxf7+ Kh6 65. Rd6+ Qe6 66. Rxe6+ Bxe6 67. Qxe6+ Kg7 68. g4) 1-0

[Event "36th Zalakaros Festival 2017"]
[Site "Zalakaros"]
[Date "2017.05.25"]
[Round "8"]
[White "Shyam, Sundar M"]
[Black "Rapport, Richard"]
[Result "0-1"]
[WhiteElo "2535"]
[BlackElo "2698"]
[Annotator "TA"]
[PlyCount "128"]
[EventDate "2017.??.??"]
[EventType "swiss"]
[EventCountry "HUN"]
[SourceTitle "playchess.com"]
[Source "ChessBase"]
[SourceQuality "1"]

{[%evp 10,128,39,39,37,33,27,26,35,35,34,39,52,21,54,43,66,45,39,39,55,57,65,58,99,102,96,45,88,87,81,84,83,73,102,94,93,52,48,48,70,66,53,43,20,0,0,0,0,0,0,0,70,-181,-184,-372,-372,-379,-248,-248,-248,-248,-248,-248,-248,-248,-248,-248,-248,-248,-248,-248,-248,-248,-248,-248,-248,-248,-248,-248,-248,-248,-248,-9304,-9072,-5774,-5169,-7634,-9097,-6983,-2202,-1898,-1413,-1398,-1377,-1325,-1189,-29947,-29950,-12851,-12845,-4570,-4133,-29955,-29955,-29954,-5614,-29964,-29965,-29968,-29968,-29969,-29970,-29970,-29971,-29975,-29976,-29976,-29977,-29983,-29984]} 1. e4 e5 2. Nf3 Nc6 3. Bc4 Nf6 {[%cal Bg8f6,Bf6h7,Bh7g5][%mdl 32]} 4. d3 Be7 5. O-O d6 6. a4 {LiveBook: 93 Games} h6 {C55: Two Knights: 4 d3, 4 d4 exd4 5 e5 and Max Lange Attack} (6... Bg4 7. h3 Bh5 8. c3 Qd7 9. Re1 O-O-O 10. a5 a6 11. b4 g5 12. b5 Nb8 13. bxa6 Nxa6 14. d4 {1-0 (26) Anand,V (2779)-Naiditsch,A (2687) Doha 2016}) 7. a5 a6 8. Re1 $146 ({Predecessor:} 8. Nbd2 O-O 9. Re1 b6 10. axb6 cxb6 11. Nf1 b5 12. Bxb5 Bb7 13. Bc4 Qc7 14. Ne3 Bd8 15. Nh4 Ne7 16. Qf3 d5 17. exd5 Nexd5 18. Nxd5 Bxd5 19. Bxd5 Nxd5 20. Nf5 {1-0 (20) Cerrato Torrijos,M (2124)-Mazo Fernandez,R Madrid 2013}) 8... Nh7 {White has an edge.} 9. c3 Ng5 10. Nbd2 Bf6 11. b4 g6 12. Bb2 O-O 13. Qb3 Bg7 14. d4 Bg4 15. Re3 Qe7 16. d5 Nb8 17. Nxg5 Qxg5 18. Be2 (18. h3 $16 Bc8 19. Be2) 18... h5 19. c4 Bh6 20. Nf3 Qe7 21. Rc3 $1 h4 22. c5 h3 23. c6 bxc6 24. dxc6 hxg2 25. Bc1 Bxc1 26. Raxc1 Kg7 27. Qb2 Rh8 28. Qd2 Qf6 $36 {[%mdl 2048] White must now prevent ...Nxc6! Black is pushing.} 29. Ra3 Rh3 {[%cal Rg4f3]} 30. Kxg2 {[#]} d5 $1 {[%mdl 512]} 31. Qxd5 $2 {[%mdl 8192]} (31. exd5 $14 {keeps the upper hand.} e4 32. Ne1 Rxa3 33. Bxg4) 31... Bxf3+ $1 $19 32. Bxf3 $2 (32. Rxf3 {is the only way for White.} Rxf3 33. Bxf3 Qg5+ 34. Bg4 Qxg4+ 35. Kf1) 32... Qg5+ $1 33. Kxh3 Nxc6 {( -> ...Rh8+)} 34. Bg4 Qxc1 35. Kg2 Qxa3 36. Qxc6 {[%mdl 4096] Endgame [#] KQR-KQB} Rf8 $1 37. Qxc7 Qxb4 38. Qxe5+ f6 39. Qd5 {[#]} Re8 $1 40. Bf3 Re5 41. Qd7+ Qe7 42. Qxe7+ Rxe7 {KR-KB} 43. Be2 Rxe4 44. Bxa6 Ra4 45. Be2 Rxa5 46. h4 $2 (46. h3) 46... Ra3 47. Bd1 Kf7 48. Bc2 Rc3 49. Ba4 Ke7 50. Bb5 Rb3 51. Bc6 Rd3 52. Bb5 Rc3 53. f3 Rb3 54. Bc6 Rb6 55. Bd5 Rd6 56. Bg8 Kf8 57. Bb3 Kg7 (57... Rd4 $142 58. Kg3 Kg7 59. Be6 f5 60. Bc8 Kh6 61. Ba6 Kh5 62. Be2 f4+ 63. Kh3 Rd2 64. Bc4 Rf2 65. Bd5 Rf1 66. Kg2 Rd1 67. Bf7 Kxh4 68. Bxg6 Rd2+ 69. Kf1 Kg3 70. Ke1 Rf2 71. Bf7 Rxf3 72. Kd1 Ra3 73. Kd2 f3 74. Bg8 f2 75. Bc4 Kg2 76. Bd5+ Kg1 77. Bc4 f1=Q 78. Bxf1 Kxf1 79. Kd1 Ra2 80. Kc1 Ke1 81. Kb1 Rd2 82. Kc1 Rf2 83. Kb1 Kd1 84. Ka1 Kc2 85. Ka2 Rf3 86. Ka1 Ra3#) 58. Kg3 Kh6 {Black mates.} 59. Bf7 Kh5 60. Be8 Rd4 61. Bf7 f5 {[%cal Bf6f5,Bf5f4][%mdl 32]} 62. Be8 f4+ 63. Kh3 Rd1 64. Bf7 Rg1 {Precision: White = 40%, Black = 80%.} 0-1

[Event "36th Zalakaros Festival 2017"]
[Site "Zalakaros"]
[Date "2017.05.25"]
[Round "8"]
[White "Mihok, Oliver"]
[Black "Gupta, Abhijeet"]
[Result "1/2-1/2"]
[WhiteElo "2532"]
[BlackElo "2626"]
[Annotator "TA"]
[PlyCount "103"]
[EventDate "2017.??.??"]
[EventType "swiss"]
[EventCountry "HUN"]
[SourceTitle "playchess.com"]
[Source "ChessBase"]
[SourceQuality "1"]

{[%evp 21,103,11,25,0,-2,-13,-18,-31,-19,-19,-26,-29,-35,-22,-22,-23,-15,-47,-10,-22,0,-45,-44,-40,-46,-40,-18,-33,0,0,0,-13,-12,0,0,0,62,0,0,0,0,-54,22,22,22,22,29,0,0,-7,0,-10,0,0,0,-43,-35,-39,114,114,175,175,164,158,163,150,274,269,316,304,309,316,316,318,298,277,282,175,145,0,229,0,168,0]} 1. e4 c5 2. Nf3 d6 3. d4 cxd4 4. Nxd4 Nf6 5. Nc3 a6 6. Be3 e5 7. Nb3 Be6 8. f3 {[%cal Bf2f3,Bf3f4,Bf4f5][%mdl 32]} Nbd7 9. g4 {[%cal Bg2g4,Bg4g5][%mdl 32]} b5 10. g5 {B90: Sicilian Najdorf: Unusual White 6th moves, 6 Be3 Ng4 and 6 Be3 e5} b4 11. Ne2 Ng8 {LiveBook: 3 Games} 12. Qd2 {White has an edge.} (12. h4 h6 13. Bg2 hxg5 14. hxg5 Rxh1+ 15. Bxh1 Nb6 16. Qd3 Be7 17. f4 Nc4 {½-½ (104) Zhigalko,S (2639)-Sutovsky,E (2650) Poikovsky 2017}) 12... a5 $1 13. f4 h6 14. f5 Bxb3 15. axb3 hxg5 16. Ng3 g4 17. Bb5 {[#]} Ngf6 $146 ({Predecessor:} 17... Be7) 18. O-O-O Be7 19. Kb1 Rb8 20. Qe2 Kf8 21. Rd2 (21. h3 $5 gxh3 22. Qf1 $11) 21... Qc7 22. Rhd1 Nc5 23. Bg5 $1 Rb6 24. Bc4 Bd8 25. Bxf6 Bxf6 26. Qxg4 {With the idea Nh5.} Rh4 27. Qe2 Qb8 28. Rd5 a4 (28... Qc7 $11) 29. Rxc5 (29. bxa4 $14 Nxa4 30. Ra5) 29... dxc5 $11 30. bxa4 Rd6 31. Bd5 (31. Rxd6 $11 Qxd6 32. a5) 31... Ke7 (31... Bg5 $15) 32. Nf1 {[%cal Bg3f1,Bf1e3,Be3g4][%mdl 32]} Bg5 33. Ne3 Kf8 34. Rg1 Bf4 35. Qg2 (35. Ng2 $5 {[%cal Rg2h4]} Rxh2 36. Qg4 $11) 35... g5 36. Ng4 {[#]} c4 $1 {[%mdl 512]} 37. Bxc4 Rd2 38. Qf3 Qa7 39. Rd1 Qd4 $2 (39... Rxd1+ $15 {stays ahead.} 40. Qxd1 Qd4 41. Qxd4 exd4) 40. Rxd2 $1 $16 Qxd2 {[#]} (40... Bxd2 $16 41. Bf1 Bf4) 41. h3 $1 $18 Qc1+ 42. Ka2 Qxc2 43. Bb3 Qd2 (43... Qc7 $16 {was worth a try.}) 44. Qf1 Qd7 45. Qc4 {aiming for Nf6.} Kg7 46. Qxb4 Rh8 47. Qb6 {Qf6+ is the strong threat.} Qd8 48. Qb7 {[%csl Gb3][%cal Rb7f7]} Rf8 49. Qc6 {White threatens Qh6+ and mate.} Rh8 50. Qb7 ({Don't do} 50. f6+ $6 Kg6 $16) (50. Qc4 $16 {[%csl Gb3][%cal Rc4f7]} Qd7 51. Qa6 Rxh3 52. Qf6+ Kf8 53. Qb6 (53. Nxe5 Bxe5 54. Qxe5 Qb7 $16)) 50... Rf8 $1 51. Qc6 {Threatening mate with Qh6+.} Rh8 {[#]} 52. Qb7 $2 {Precision: White = 53%, Black = 55%.} ({Don't take} 52. f6+ $6 Kg6 $14) (52. Qc4 $1 $18 {[%csl Gb3][%cal Rc4f7]} Qd7 53. Qa6 Rxh3 54. Qf6+ Kf8 55. Qb6 (55. Nxe5 Bxe5 56. Qxe5 Qb7 $16)) 1/2-1/2

[Event "36th Zalakaros Festival 2017"]
[Site "Zalakaros"]
[Date "2017.05.25"]
[Round "8"]
[White "Horvath, Jozsef"]
[Black "Czebe, Attila"]
[Result "1-0"]
[WhiteElo "2526"]
[BlackElo "2475"]
[Annotator "TA"]
[PlyCount "63"]
[EventDate "2017.??.??"]
[EventType "swiss"]
[EventCountry "HUN"]
[SourceTitle "playchess.com"]
[Source "ChessBase"]
[SourceQuality "1"]

{[%evp 16,63,84,89,96,97,91,104,104,110,237,208,247,229,236,197,197,190,192,189,208,202,210,226,238,239,243,237,256,250,244,248,289,299,285,220,352,347,352,350,341,338,371,325,793,789,783,762,1027,993]} 1. d4 Nf6 2. c4 d6 3. Nf3 Bf5 4. g3 c6 5. Bg2 Nbd7 6. O-O e5 7. Nc3 Be7 {A53: Old Indian Defence without Nf3} (7... h6 8. Nh4 Bh7 9. d5 e4 10. Bh1 Be7 11. Ng2 Ne5 12. Ne3 Qd7 13. b4 h5 14. dxc6 bxc6 15. b5 cxb5 16. cxb5 h4 {1-0 (50) Potkin,V (2608)-Klein,D (2517) Wijk aan Zee 2015}) 8. Nh4 Bg6 9. d5 {LiveBook: 3 Games} cxd5 {White is better.} 10. Nxg6 hxg6 11. Nxd5 Nxd5 12. Qxd5 Nc5 $146 (12... Rb8 $16) ({Predecessor:} 12... Rb8 13. Rd1 {½-½ (31) Voiculescu,P (2260)-Radovici,C (2300) Timisoara 1976}) 13. Be3 Rc8 14. b4 Na4 15. Qb5+ ({But not} 15. Bxa7 $6 b6 $16) 15... Qd7 16. Bxb7 Rc7 17. Bd5 Nc3 18. Qxd7+ Kxd7 19. Bxf7 d5 20. cxd5 Nxe2+ 21. Kg2 Bxb4 22. Rab1 Bc3 23. Bxg6 Kd6 24. Bd3 Nd4 25. Be4 {aiming for Bc1.} Ba5 (25... Ne2 {was necessary.} 26. Bd3 Nd4) 26. Rfc1 $18 Rhc8 27. Rxc7 Rxc7 28. Rb8 Bb6 29. Rd8+ Ke7 $2 (29... Rd7) 30. Bg5+ {White is clearly winning.} Kf7 31. h4 {[#] h5 is the strong threat.} g6 32. Rd6 {Precision: White = 68%, Black = 33%.} 1-0